000 002550000a22001090004500
090 _aAs
_bSeriadas
245 1 0 _aLoros
041 0 _aEspañol
100 1 _aUribe, Joaquín Antonio
_999979
942 _cARTICULO
773 1 _tBoletín SAO
_h16-17
_q95-97
_d1998
_g9
999 _c15752
_d15752